[Event "HUN-chT U18"]
[Site "Budapest"]
[Date "2022.11.03"]
[Round "6.4"]
[White "Nagy, Antal"]
[Black "Nagy, Adam1111"]
[Result "0-1"]
[WhiteElo "1375"]
[BlackElo "1490"]
[PlyCount "88"]
[EventDate "2022.10.31"]
[EventType "team-swiss"]
[EventRounds "7"]
[EventCountry "HUN"]
[SourceTitle "CBM 211 Extra"]
[Source "ChessBase"]
[SourceDate "2023.01.31"]
[SourceVersion "1"]
[SourceVersionDate "2023.01.31"]
[SourceQuality "1"]
[WhiteTeam "TFSE II"]
[BlackTeam "Tuxera Aquaprofit NSK"]
[WhiteTeamCountry "HUN"]
[BlackTeamCountry "HUN"]

1. d4 d5 2. c4 e6 3. Nf3 Nf6 4. Bg5 Be7 5. Nc3 0-0 6. e3 b6 7. Bd3 Bb7 8. Qc2 h6 9. Bh4 c5 10. Qe2 Nc6 11. Rd1 Rc8 12. 0-0 Qc7 13. b3 Rfd8 14. Bg3 Qd7 15. Rd2 cxd4 16. exd4 Bb4 17. Rc1 Nh7 18. Qe3 f5 19. Re2 Re8 20. Nb1 Nf6 21. a3 Ng4 22. Qf4 g5 23. Nxg5 Bd6 24. Qxd6 Qxd6 25. Bxd6 hxg5 26. Be5 Ngxe5 27. dxe5 Nd4 28. Rb2 b5 29. c5 a5 30. b4 axb4 31. axb4 Ra8 32. Rd1 Ba6 33. Nc3 Reb8 34. Re1 Bc8 35. Nb1 Ra4 36. Bf1 Bd7 37. Nc3 Ra3 38. Rc1 Kf7 39. f3 Kg6 40. Kf2 f4 41. Bd3+ Kg7 42. g3 fxg3+ 43. hxg3 Rf8 44. Bc2 Rxc3 0-1